Vladimir Ilyich Lenin : A biography /
Biografía de Lenin (1870-1924), pseudónimo de Vladimir Ilich Ulianov, fundador del Partido Bolchevique, inspirador y líder de la Revolución de Octubre e ideólogo y primer jefe de Estado de la Unión Soviética. En este libro se analiza el contexto social y político de Rusia en las tres primeras década...
Gardado en:
| Autor Corporativo: | |
|---|---|
| Formato: | Libro |
| Idioma: | inglés |
| Temas: | |
| Etiquetas: |
Sen Etiquetas, Sexa o primeiro en etiquetar este rexistro!
|
MARC
| LEADER | 00000nam^a2200000^a^4500 | ||
|---|---|---|---|
| 001 | 000181966 | ||
| 005 | 20250523000000.0 | ||
| 009 | 20260310101950.444 | ||
| 037 | |a Acervo ITESO - Biblioteca | ||
| 041 | |a ING | ||
| 082 | |a 320. 092 |b INS | ||
| 110 | |a Institute of Marxism-Leninism of the Central Committee | ||
| 245 | 1 | 0 | |a Vladimir Ilyich Lenin : |b A biography / |c Institute of Marxism-Leninism of the Central Committee ; tr. por P.N. Pospelov. |
| 264 | |a Moscú, Rusia : |b Progress Publishers, |c 1965 | ||
| 300 | |a 589 p. | ||
| 336 | |a texto |b txt |2 rdacontenido | ||
| 337 | |a sin mediación |b n |2 rdamedio | ||
| 338 | |a volumen |b nc |2 rdasoporte | ||
| 520 | |a Biografía de Lenin (1870-1924), pseudónimo de Vladimir Ilich Ulianov, fundador del Partido Bolchevique, inspirador y líder de la Revolución de Octubre e ideólogo y primer jefe de Estado de la Unión Soviética. En este libro se analiza el contexto social y político de Rusia en las tres primeras décadas del siglo XX; se examina a detalle la vida personal del biografiado y se presentan sus grandes logros sociales, laborales, políticos y filosóficos. | ||
| 649 | |a XX | ||
| 650 | |a Jefes de Estado Rusos - |x Biografías | ||
| 650 | |a Revolucionarios Rusos - |x Biografías | ||
| 650 | |a Políticos Rusos - |x Biografías | ||
| 650 | |a Constitución, 1923 - |z Rusia | ||
| 650 | |a Leninismo - |z Rusia - |x Historia | ||
| 650 | |a Leninismo - |z Rusia - |x Historia | ||
| 650 | |a Política - |z Rusia - |x Historia | ||
| 650 | |a Rusia - |x Historia - |y Alejandro II, 1855-1881 | ||
| 650 | |a Rusia - |x Historia - |y Nicolás II, 1894-1917 | ||
| 650 | |a Rusia - |x Historia - |y Revolución de Octubre, 1917-1922 | ||
| 650 | |a Rusia - |x Historia - |y URSS, 1922-1991 | ||
| 650 | |a Rusia - |x Historia - |y Siglo XX | ||
| 600 | |a Lenin | ||
| 910 | |a Fondo General | ||
| 920 | |a Impresos - Libros | ||
| 930 | |a Colección General | ||
| 905 | |a 101 | ||
| 901 | |a 0500121841 |b IT1 |c ACC |u 20250521 | ||
| 902 | |a https://opac.biblio.iteso.mx/vufind/Record/000181966 | ||